[Event "Oberliga Wuerttemberg 0001"]
[Site "Wuerttemberg"]
[Date "2001.04.01"]
[Round "8"]
[White "Schmittdiel, Eckhard"]
[Black "Huber, Armin"]
[Result "1-0"]
[WhiteElo "2479"]
[BlackElo "2351"]
[PlyCount "97"]
[EventDate "2000.10.15"]
[EventType "team"]
[EventRounds "9"]
[EventCountry "GER"]
[SourceTitle "EXT 2019"]
[Source "ChessBase"]
[SourceDate "2018.10.10"]
[SourceVersion "1"]
[SourceVersionDate "2018.10.10"]
[SourceQuality "1"]

1. Nf3 d5 2. g3 Nf6 3. Bg2 e6 4. b3 Be7 5. 0-0 0-0 6. Bb2 c5 7. e3 Nc6 8. d4 b6 9. Nbd2 Bb7 10. Qe2 Qc7 11. Rac1 Rac8 12. Rfd1 Qb8 13. a3 Rfd8 14. Ne5 Nd7 15. f4 f5 16. Ndf3 Ncxe5 17. dxe5 c4 18. b4 c3 19. Ba1 a5 20. Rb1 axb4 21. axb4 Rc4 22. Nd4 Nf8 23. b5 Rdc8 24. Qe1 Qa7 25. Rb3 Qa5 26. Bxc3 Rxc3 27. Ra1 Rxb3 28. Rxa5 Bb4 29. Qc1 Rxe3 30. Qxe3 bxa5 31. Qb3 Rc3 32. Qb2 Kf7 33. Ne2 Rc8 34. Qa2 Nd7 35. Kf1 Ra8 36. c3 Bc5 37. g4 fxg4 38. f5 Nxe5 39. fxe6+ Kxe6 40. Bxd5+ Bxd5 41. Nf4+ Kf5 42. Qxd5 Re8 43. Nd3 Be3 44. c4 a4 45. c5 a3 46. b6 Bf4 47. b7 Rf8 48. Nxf4 Kxf4 49. Qd6 1-0

[Event "Oberliga Wuerttemberg 0001"]
[Site "Wuerttemberg"]
[Date "2001.01.07"]
[Round "4.2"]
[White "Huber, Armin"]
[Black "Niklasch, Oliver"]
[Result "1-0"]
[WhiteElo "2351"]
[BlackElo "2350"]
[PlyCount "55"]
[EventDate "2000.10.15"]
[EventType "team"]
[EventRounds "9"]
[EventCountry "GER"]
[SourceTitle "EXT 2002"]
[Source "ChessBase"]
[SourceDate "2001.11.25"]
[SourceVersion "1"]
[SourceVersionDate "2001.11.25"]
[SourceQuality "1"]

1. e4 c5 2. c3 Nf6 3. e5 Nd5 4. Nf3 e6 5. d4 cxd4 6. cxd4 d6 7. Nc3 Nxc3 8. bxc3 Qc7 9. Bd2 Nd7 10. exd6 Bxd6 11. Bd3 b6 12. 0-0 Bb7 13. Qe2 0-0 14. h3 Bf4 15. Be3 Rac8 16. Rac1 Rfe8 17. Rfe1 Nf6 18. c4 Bxe3 19. fxe3 Bxf3 20. Qxf3 e5 21. Qf2 Qd6 22. Red1 exd4 23. exd4 Ne4 24. Bxe4 Rxe4 25. c5 bxc5 26. dxc5 Qe6 27. c6 Re2 28. c7 1-0

[Event "BL2-Sued 9900"]
[Site "Germany"]
[Date "2000.01.30"]
[Round "5.4"]
[White "Huber, Armin"]
[Black "Miltner, Arndt"]
[Result "0-1"]
[WhiteElo "2343"]
[BlackElo "2395"]
[PlyCount "110"]
[EventDate "1999.10.10"]
[EventType "team-tourn"]
[EventRounds "9"]
[EventCountry "GER"]
[SourceTitle "CBM 074 Extra"]
[Source "ChessBase"]
[SourceDate "2000.03.10"]
[SourceVersion "2"]
[SourceVersionDate "2000.03.10"]
[SourceQuality "1"]
[WhiteTeam "Sindelfingen"]
[BlackTeam "Eppingen"]
[WhiteTeamCountry "GER"]
[BlackTeamCountry "GER"]

1. e4 d6 2. d4 Nf6 3. Nc3 e5 4. dxe5 dxe5 5. Qxd8+ Kxd8 6. Bc4 Bb4 7. Bd2 Ke7 8. Nge2 Nc6 9. f3 a6 10. 0-0-0 Na5 11. Bd5 c6 12. a3 Bd6 13. Ba2 Be6 14. Ng3 g6 15. Nd5+ cxd5 16. Bxa5 dxe4 17. Bxe6 Kxe6 18. Nxe4 Nxe4 19. fxe4 Rac8 20. Rd3 Rc6 21. Re1 h5 22. a4 Rhc8 23. Re2 f5 24. exf5+ gxf5 25. Rh3 Rh8 26. Bc3 f4 27. Rd3 Bc7 28. g3 Rf8 29. gxf4 Rxf4 30. b3 e4 31. Rh3 Rc5 32. Bd2 Rg4 33. Rhe3 Kf5 34. h3 Rf4 35. Kb2 Be5+ 36. c3 Rf3 37. Rxf3+ exf3 38. Re3 Kf4 39. b4 Rc4 40. Kb3 Re4 41. Re2+ Kf5 42. Rf2 Re2 43. Rxe2 fxe2 44. Be1 Ke4 45. Kc2 Ke3 46. Bh4 Bh2 47. c4 Bg1 48. Bg5+ Kf3 49. Bd2 Bf2 50. b5 axb5 51. axb5 b6 52. Kd3 h4 53. Bc3 e1Q 54. Bxe1 Bxe1 55. c5 bxc5 0-1

[Event "Staufer op 12th"]
[Site "Schwaebisch Gmuend"]
[Date "2000.??.??"]
[Round "7"]
[White "Huber, Armin"]
[Black "Miezis, Normunds"]
[Result "0-1"]
[WhiteElo "2340"]
[BlackElo "2520"]
[PlyCount "76"]
[EventDate "2000.01.02"]
[EventType "swiss"]
[EventRounds "9"]
[EventCountry "GER"]
[SourceTitle "CBM 074 Extra"]
[Source "ChessBase"]
[SourceDate "2000.03.10"]
[SourceVersion "2"]
[SourceVersionDate "2000.03.10"]
[SourceQuality "1"]

1. e4 c5 2. c3 d5 3. exd5 Qxd5 4. d4 Nf6 5. Nf3 e6 6. Bd3 Be7 7. 0-0 0-0 8. Be3 Rd8 9. Qe2 Nc6 10. Rd1 cxd4 11. cxd4 Nb4 12. Nc3 Qh5 13. Bc4 b6 14. Ne5 Qxe2 15. Bxe2 Bb7 16. Rac1 Rac8 17. a3 Nbd5 18. Nxd5 Nxd5 19. Bb5 Nxe3 20. fxe3 Rxc1 21. Rxc1 Bd6 22. Nf3 h6 23. Rc3 g5 24. Bc6 Ba6 25. b4 Rc8 26. e4 g4 27. Nd2 Bb5 28. d5 Be5 29. Rc2 Bd3 30. Ra2 Bd4+ 31. Kh1 exd5 32. exd5 Rc7 33. h3 Re7 34. hxg4 Re1+ 35. Kh2 Be5+ 36. g3 Re2+ 37. Kh3 Bc3 38. d6 Rxd2 0-1

[Event "Staufer op 12th"]
[Site "Schwaebisch Gmuend"]
[Date "2000.??.??"]
[Round "2"]
[White "Kaes, Martin"]
[Black "Huber, Armin"]
[Result "0-1"]
[WhiteElo "2005"]
[BlackElo "2340"]
[PlyCount "42"]
[EventDate "2000.01.02"]
[EventType "swiss"]
[EventRounds "9"]
[EventCountry "GER"]
[SourceTitle "CBM 074 Extra"]
[Source "ChessBase"]
[SourceDate "2000.03.10"]
[SourceVersion "2"]
[SourceVersionDate "2000.03.10"]
[SourceQuality "1"]

1. e4 e6 2. d4 d5 3. Nd2 dxe4 4. Nxe4 Nd7 5. Nf3 Ngf6 6. Ng3 c5 7. Be2 b6 8. 0-0 Bb7 9. c4 Be7 10. b3 0-0 11. Bb2 Qc7 12. Qc2 Rfd8 13. Rfd1 a6 14. Rac1 Qf4 15. Bc3 Ne4 16. Nxe4 Bxe4 17. Bd3 Nf6 18. Bxe4 Nxe4 19. dxc5 Bxc5 20. Be5 Bxf2+ 21. Qxf2 Rxd1+ 0-1

[Event "BL2-Sued 9899"]
[Site "Germany"]
[Date "1999.02.21"]
[Round "6.6"]
[White "Huber, Armin"]
[Black "Pflug, Matthias"]
[Result "1-0"]
[WhiteElo "2325"]
[BlackElo "2210"]
[PlyCount "80"]
[EventDate "1998.10.18"]
[EventType "team-tourn"]
[EventRounds "9"]
[EventCountry "GER"]
[SourceTitle "GER-chT2"]
[Source "ChessBase"]
[SourceDate "1999.07.01"]
[SourceVersion "1"]
[SourceVersionDate "1999.07.01"]
[SourceQuality "1"]
[WhiteTeam "Sindelfingen"]
[BlackTeam "Passau II"]
[WhiteTeamCountry "GER"]
[BlackTeamCountry "GER"]

1. e4 c5 2. c3 e6 3. d4 d5 4. exd5 exd5 5. Nf3 Nc6 6. Be3 c4 7. b3 cxb3 8. axb3 Bd6 9. Bd3 Bg4 10. 0-0 Nge7 11. Re1 h6 12. h3 Bh5 13. Nbd2 0-0 14. b4 f5 15. Nb3 b6 16. b5 Nb8 17. c4 Nd7 18. c5 Bc7 19. cxb6 Bxb6 20. Nc5 Bxf3 21. Qxf3 Rf6 22. Rac1 Rc8 23. Rc2 f4 24. Bxf4 Nxc5 25. dxc5 Rxc5 26. Rce2 Qf8 27. Rxe7 Rxf4 28. Qg3 Rc7 29. R7e2 Rc3 30. Rf1 Bd4 31. Qg6 Rf6 32. Qh7+ Kf7 33. Kh1 Rc7 34. Rfe1 Bc5 35. f3 Re7 36. Rxe7+ Bxe7 37. h4 Bb4 38. Rc1 Ba5 39. h5 Bb6 40. Bf5 Qg8 1-0

[Event "Bodensee-Cup 5th"]
[Site "Germany"]
[Date "1999.??.??"]
[Round "2.10"]
[White "Huber, Armin"]
[Black "Maier, Christian"]
[Result "1/2-1/2"]
[WhiteElo "2325"]
[BlackElo "2375"]
[PlyCount "82"]
[EventDate "1999.??.??"]
[EventType "team-tourn"]
[EventRounds "3"]
[EventCountry "GER"]
[SourceTitle "EXT 2001"]
[Source "ChessBase"]
[SourceDate "2000.11.22"]
[SourceVersion "1"]
[SourceVersionDate "2000.11.22"]
[SourceQuality "1"]
[WhiteTeam "Wuerttemberg"]
[BlackTeam "Baden"]
[WhiteTeamCountry "GER"]
[BlackTeamCountry "GER"]

1. e4 e6 2. d4 d5 3. Nd2 Nf6 4. e5 Nfd7 5. f4 c5 6. c3 Nc6 7. Ndf3 cxd4 8. cxd4 f6 9. Bd3 Bb4+ 10. Bd2 0-0 11. Ne2 fxe5 12. fxe5 Rxf3 13. gxf3 Qh4+ 14. Kf1 Qh3+ 15. Kf2 Ndxe5 16. dxe5 Nxe5 17. Nf4 Bc5+ 18. Be3 Qh4+ 19. Ke2 Bxe3 20. Kxe3 d4+ 21. Ke2 Qxf4 22. Be4 Qe3+ 23. Kf1 Bd7 24. Qe2 Qf4 25. Rd1 Bb5 26. Qxb5 Nxf3 27. Qe2 Nd2+ 28. Kg2 Nxe4 29. Rhf1 Qg5+ 30. Kh1 Qd5 31. Qf3 h6 32. Rde1 Nf6 33. Qxd5 exd5 34. Re7 Rc8 35. Rd1 Ne4 36. Rxd4 Rc1+ 37. Kg2 Rc2+ 38. Kh3 Rxb2 39. Rxd5 Nf6 40. Re8+ Kh7 41. Rb8 Rxa2 1/2-1/2

[Event "BL2-Sued 9899"]
[Site "Germany"]
[Date "1998.11.22"]
[Round "2.6"]
[White "Huber, Armin"]
[Black "Bauer, Manfred"]
[Result "0-1"]
[WhiteElo "2330"]
[BlackElo "2240"]
[PlyCount "132"]
[EventDate "1998.10.18"]
[EventType "team-tourn"]
[EventRounds "9"]
[EventCountry "GER"]
[SourceTitle "GER-chT2"]
[Source "ChessBase"]
[SourceDate "1999.07.01"]
[SourceVersion "1"]
[SourceVersionDate "1999.07.01"]
[SourceQuality "1"]
[WhiteTeam "Sindelfingen"]
[BlackTeam "Schmiden Cannstatt"]
[WhiteTeamCountry "GER"]
[BlackTeamCountry "GER"]

1. e4 c5 2. c3 d6 3. d4 Nf6 4. Bd3 g6 5. dxc5 dxc5 6. e5 Nd5 7. Be4 Nc7 8. Qxd8+ Kxd8 9. Be3 Nd7 10. f4 f6 11. Nf3 Bh6 12. Ke2 Ne6 13. g3 fxe5 14. fxe5 Bg7 15. Nbd2 Bxe5 16. Rad1 Bd6 17. Nc4 Kc7 18. Ng5 Nxg5 19. Bxg5 Nb6 20. Nxd6 exd6 21. Bf3 Nc4 22. b3 Ne5 23. Be7 Nf7 24. Rhe1 Bd7 25. Kf2 Rae8 26. Re3 h5 27. Rd2 Bc6 28. Bxc6 Kxc6 29. Kg2 Kd7 30. Rde2 Ne5 31. Bf6 Rhf8 32. Bxe5 dxe5 33. Rxe5 Rxe5 34. Rxe5 Kd6 35. Rg5 Rf6 36. c4 Kc6 37. g4 hxg4 38. Kg3 b5 39. cxb5+ Kxb5 40. Rxg4 Kc6 41. Ra4 Kb6 42. h4 Rd6 43. Kf4 a5 44. Ke5 Rd2 45. Kf6 Rg2 46. Kf7 Kb5 47. a3 Rg3 48. Rf4 Rxb3 49. a4+ Kc6 50. Kxg6 Rb4 51. Kg5 c4 52. h5 c3 53. Rf1 Kc5 54. h6 Rb8 55. h7 Kc4 56. Rf7 c2 57. Rc7+ Kb3 58. Kg6 Kb2 59. Rb7+ Rxb7 60. h8Q+ Ka2 61. Qc3 Kb1 62. Qd3 Rb4 63. Kf5 Kb2 64. Qd2 Rxa4 65. Ke5 Ra3 66. Kd4 Kb1 0-1

[Event "Neckar op 2nd"]
[Site "Deizisau"]
[Date "1998.04.12"]
[Round "8"]
[White "Ginsburg, Gennadij"]
[Black "Huber, Armin"]
[Result "1/2-1/2"]
[WhiteElo "2470"]
[BlackElo "2330"]
[PlyCount "82"]
[EventDate "1998.04.05"]
[EventType "swiss"]
[EventRounds "9"]
[EventCountry "GER"]
[SourceTitle "EXT 2000"]
[Source "ChessBase"]
[SourceDate "1999.11.16"]
[SourceVersion "1"]
[SourceVersionDate "1999.11.16"]
[SourceQuality "1"]

1. e4 e6 2. d4 d5 3. Nd2 dxe4 4. Nxe4 Nd7 5. Nf3 Ngf6 6. Bd3 Be7 7. Qe2 0-0 8. Bg5 c5 9. dxc5 Nxc5 10. Nxc5 Qa5+ 11. c3 Qxc5 12. 0-0 h6 13. Be3 Qc7 14. Bd4 Rd8 15. Ne5 Bc5 16. Bxc5 Qxc5 17. Rad1 Bd7 18. Be4 Nxe4 19. Qxe4 Bc6 20. Qf4 f6 21. Nxc6 Qxc6 22. Qe3 a6 23. Rfe1 e5 24. Rd2 Rd5 25. Red1 Rad8 26. h3 f5 27. Rxd5 Rxd5 28. Rxd5 Qxd5 29. c4 Qxc4 30. Qxe5 Qxa2 31. Qb8+ Kh7 32. Qxb7 Qb1+ 33. Kh2 Qd3 34. b4 Qd4 35. Kg3 Qe5+ 36. Kf3 Qd4 37. Qxa6 Qe4+ 38. Kg3 Qe5+ 39. Kf3 Qe4+ 40. Kg3 Qe5+ 41. Kf3 Qe4+ 1/2-1/2

[Event "Neckar op 2nd"]
[Site "Deizisau"]
[Date "1998.04.10"]
[Round "6"]
[White "Zeller, Frank"]
[Black "Huber, Armin"]
[Result "0-1"]
[WhiteElo "2455"]
[BlackElo "2330"]
[PlyCount "120"]
[EventDate "1998.04.05"]
[EventType "swiss"]
[EventRounds "9"]
[EventCountry "GER"]
[SourceTitle "EXT 2000"]
[Source "ChessBase"]
[SourceDate "1999.11.16"]
[SourceVersion "1"]
[SourceVersionDate "1999.11.16"]
[SourceQuality "1"]

1. c4 e6 2. Nf3 d5 3. d4 c6 4. Nbd2 Nf6 5. e3 Nbd7 6. Bd3 Bd6 7. 0-0 0-0 8. e4 dxe4 9. Nxe4 Nxe4 10. Bxe4 c5 11. b3 Nf6 12. Bc2 b6 13. Bb2 Bb7 14. Re1 Bxf3 15. Qxf3 cxd4 16. Qh3 g6 17. Kh1 e5 18. f4 Re8 19. Rad1 Rb8 20. Qf3 exf4 21. Bxd4 Rxe1+ 22. Rxe1 Nh5 23. Be4 Bc5 24. Bxc5 bxc5 25. Qf2 Qc7 26. Bd5 Nf6 27. Rf1 Re8 28. Kg1 Nxd5 29. cxd5 Re4 30. Rc1 Qe5 31. h3 Rd4 32. Qe1 Qxd5 33. Qe8+ Kg7 34. Re1 Rd1 35. Rxd1 Qxd1+ 36. Kh2 Qd6 37. Kh1 Qe6 38. Qa8 Qe1+ 39. Kh2 Qg3+ 40. Kh1 f3 41. gxf3 Qxh3+ 42. Kg1 Qg3+ 43. Kh1 h5 44. Qd5 h4 45. Qxc5 Qxf3+ 46. Kh2 Qg3+ 47. Kh1 h3 48. Qd4+ Kh7 49. Qd5 Qg2+ 50. Qxg2 hxg2+ 51. Kxg2 Kg7 52. Kf3 Kf6 53. Ke4 Ke6 54. b4 f5+ 55. Kd4 Kd6 56. a4 g5 57. b5 g4 58. a5 g3 59. Ke3 f4+ 60. Kf3 Kc5 0-1

[Event "Bodensee-Cup 4th"]
[Site "Germany"]
[Date "1998.??.??"]
[Round "2"]
[White "Huber, Armin"]
[Black "Moor, Olivier"]
[Result "1/2-1/2"]
[WhiteElo "2285"]
[BlackElo "2225"]
[PlyCount "58"]
[EventDate "1998.??.??"]
[EventType "team-tourn"]
[EventRounds "3"]
[EventCountry "GER"]
[SourceTitle "EXT 2000"]
[Source "ChessBase"]
[SourceDate "1999.11.16"]
[SourceVersion "1"]
[SourceVersionDate "1999.11.16"]
[SourceQuality "1"]

1. e4 e6 2. d4 d5 3. Nd2 c5 4. exd5 Qxd5 5. dxc5 Bxc5 6. Ngf3 Nf6 7. Bd3 0-0 8. 0-0 b6 9. Qe2 Bb7 10. Rd1 Qh5 11. Ne4 Nbd7 12. h3 Rad8 13. Bg5 h6 14. Bxf6 Nxf6 15. a3 Be7 16. c3 Kh8 17. Bc2 Rd5 18. Re1 Rd7 19. Rad1 Rfd8 20. Rxd7 Rxd7 21. c4 a5 22. Qe3 Nxe4 23. Bxe4 Bc5 24. Qe2 Bxe4 25. Qxe4 Qf5 26. Qxf5 exf5 27. Kf1 g5 28. Ne5 Rd2 29. Re2 Rd1+ 1/2-1/2

[Event "Bodensee-Cup 4th"]
[Site "Germany"]
[Date "1998.??.??"]
[Round "1"]
[White "Metz, Hartmut"]
[Black "Huber, Armin"]
[Result "1-0"]
[WhiteElo "2275"]
[BlackElo "2285"]
[PlyCount "107"]
[EventDate "1998.??.??"]
[EventType "team-tourn"]
[EventRounds "3"]
[EventCountry "GER"]
[SourceTitle "EXT 2000"]
[Source "ChessBase"]
[SourceDate "1999.11.16"]
[SourceVersion "1"]
[SourceVersionDate "1999.11.16"]
[SourceQuality "1"]

1. e4 e6 2. d4 d5 3. Nc3 Nf6 4. e5 Nfd7 5. f4 c5 6. Nf3 Nc6 7. Be3 cxd4 8. Nxd4 Qb6 9. Qd2 Qxb2 10. Rb1 Qa3 11. Ncb5 Qxa2 12. Rb3 Nc5 13. Nc7+ Kd7 14. Nxa8 Nxb3 15. Nxb3 b6 16. Bb5 Ba6 17. Bxc6+ Kxc6 18. Qc3+ Bc4 19. Kf2 Qa6 20. Ra1 Qb7 21. Nd2 Qxa8 22. Nxc4 dxc4 23. Qxc4+ Kb7 24. Qa6+ Kb8 25. Bxb6 Qb7 26. Bxa7+ Kc8 27. Qa2 Qc6 28. Be3 Bc5 29. Qa8+ Kc7 30. Qa5+ Bb6 31. Bxb6+ Qxb6+ 32. Qxb6+ Kxb6 33. Rd1 Rc8 34. Rd2 Rc3 35. Ke2 Kc7 36. Kd1 Rc4 37. g3 Ra4 38. c3 Ra1+ 39. Kc2 Rf1 40. Kb3 Rf3 41. Kb4 h5 42. Ra2 Kb7 43. Kc5 h4 44. Kd6 hxg3 45. hxg3 Rxg3 46. Ke7 g5 47. Kxf7 gxf4 48. Kxe6 Rxc3 49. Kf7 Re3 50. e6 Kc6 51. Rd2 Rh3 52. e7 Rh7+ 53. Kf6 Rh8 54. Rd8 1-0

[Event "Bodensee-Cup 4th"]
[Site "Germany"]
[Date "1998.??.??"]
[Round "3"]
[White "Schoeneberg, Manfred"]
[Black "Huber, Armin"]
[Result "1/2-1/2"]
[WhiteElo "2350"]
[BlackElo "2285"]
[PlyCount "39"]
[EventDate "1998.??.??"]
[EventType "team-tourn"]
[EventRounds "3"]
[EventCountry "GER"]
[SourceTitle "EXT 2000"]
[Source "ChessBase"]
[SourceDate "1999.11.16"]
[SourceVersion "1"]
[SourceVersionDate "1999.11.16"]
[SourceQuality "1"]

1. e4 e6 2. d4 d5 3. Nc3 dxe4 4. Nxe4 Nd7 5. Nf3 Ngf6 6. Nxf6+ Nxf6 7. Bg5 Be7 8. Bd3 c5 9. 0-0 cxd4 10. Nxd4 0-0 11. c3 h6 12. Bh4 Qb6 13. Qe2 Bd7 14. f4 Rfe8 15. Bf2 Qc7 16. g3 a6 17. a4 Bc5 18. Nb3 Bxf2+ 19. Qxf2 Rad8 20. Nd4 1/2-1/2

[Event "Staufer op 09th"]
[Site "Schwaebisch Gmuend"]
[Date "1997.??.??"]
[Round "9"]
[White "Chudinovskih, Alexander N"]
[Black "Huber, Armin"]
[Result "1-0"]
[WhiteElo "2290"]
[BlackElo "2330"]
[PlyCount "59"]
[EventDate "1997.01.??"]
[EventType "swiss"]
[EventRounds "9"]
[EventCountry "GER"]
[SourceTitle "EXT 1998"]
[Source "ChessBase"]
[SourceDate "1997.11.17"]
[SourceVersion "1"]
[SourceVersionDate "1997.11.17"]
[SourceQuality "1"]

1. e4 e6 2. d4 d5 3. Nc3 Nf6 4. Bg5 dxe4 5. Nxe4 Be7 6. Bxf6 Bxf6 7. Nf3 Nd7 8. Qd2 0-0 9. 0-0-0 b6 10. Bc4 c6 11. g4 Bb7 12. g5 Be7 13. Qf4 c5 14. d5 exd5 15. Bxd5 Qc8 16. Rhe1 Bxd5 17. Rxd5 Qc6 18. Red1 Rad8 19. Nd6 Qc7 20. Qg3 Nb8 21. Nf5 Rc8 22. Ne5 Rfe8 23. Nh6+ Kf8 24. Nhxf7 c4 25. Qf4 Kg8 26. Nh6+ gxh6 27. gxh6 Rf8 28. Qg4+ Bg5+ 29. Qxg5+ Kh8 30. Rd7 1-0

[Event "Staufer op 09th"]
[Site "Schwaebisch Gmuend"]
[Date "1997.??.??"]
[Round "6"]
[White "Huber, Armin"]
[Black "Chandler, Patrick"]
[Result "1/2-1/2"]
[WhiteElo "2330"]
[BlackElo "2150"]
[PlyCount "87"]
[EventDate "1997.01.??"]
[EventType "swiss"]
[EventRounds "9"]
[EventCountry "GER"]
[SourceTitle "EXT 1998"]
[Source "ChessBase"]
[SourceDate "1997.11.17"]
[SourceVersion "1"]
[SourceVersionDate "1997.11.17"]
[SourceQuality "1"]

1. e4 c5 2. c3 Nf6 3. e5 Nd5 4. d4 cxd4 5. cxd4 Nc6 6. Nf3 d6 7. Bc4 Nb6 8. Bb5 d5 9. 0-0 Bg4 10. Be3 e6 11. h3 Bh5 12. Nbd2 Rc8 13. Rc1 Be7 14. Nb3 Nd7 15. Be2 0-0 16. Nfd2 Bg6 17. f4 f6 18. Bg4 f5 19. Be2 Qb6 20. Nb1 Na5 21. Nxa5 Qxa5 22. Qb3 Qb4 23. Rc3 Qxb3 24. Rxb3 Rc7 25. Rc1 Rfc8 26. Rxc7 Rxc7 27. Kf2 a6 28. a4 Nb8 29. Rb6 Kf7 30. Bd2 Nc6 31. Bc3 Bd8 32. Nd2 Rd7 33. Rb3 Ke8 34. Ra3 Be7 35. Ra1 Rc7 36. Ke3 Nb4 37. Bd1 a5 38. Nb1 Kf8 39. Na3 Be8 40. Nb5 Bxb5 41. axb5 b6 42. g4 g6 43. Bb3 Kf7 44. Kd2 1/2-1/2

[Event "Staufer op 09th"]
[Site "Schwaebisch Gmuend"]
[Date "1997.??.??"]
[Round "4"]
[White "Huber, Armin"]
[Black "Duessel, Udo"]
[Result "1-0"]
[WhiteElo "2330"]
[BlackElo "2090"]
[PlyCount "43"]
[EventDate "1997.01.??"]
[EventType "swiss"]
[EventRounds "9"]
[EventCountry "GER"]
[SourceTitle "EXT 1998"]
[Source "ChessBase"]
[SourceDate "1997.11.17"]
[SourceVersion "1"]
[SourceVersionDate "1997.11.17"]
[SourceQuality "1"]

1. e4 Nf6 2. Nc3 d5 3. e5 Ne4 4. Nce2 d4 5. c3 Nc6 6. Nxd4 Nxe5 7. Qe2 Qd5 8. Nb5 Kd8 9. c4 Qc6 10. d3 Bf5 11. Nd4 Qb6 12. Nxf5 Qb4+ 13. Kd1 Qa4+ 14. b3 Nc3+ 15. Kc2 Qa5 16. Qd2 Ng4 17. Ne3 Nxf2 18. Qxf2 Nxa2 19. Bd2 Qa3 20. Qe1 g6 21. Qb1 Nb4+ 22. Kd1 1-0

[Event "BL2-Sued 9697"]
[Site "Germany"]
[Date "1997.??.??"]
[Round "?.4"]
[White "Huber, Armin"]
[Black "Mandel, Andreas"]
[Result "1-0"]
[WhiteElo "2330"]
[BlackElo "2360"]
[PlyCount "87"]
[EventDate "1996.10.??"]
[EventType "team-tourn"]
[EventRounds "9"]
[EventCountry "GER"]
[SourceTitle "GER-chT2"]
[Source "ChessBase"]
[SourceDate "1999.07.01"]
[SourceVersion "1"]
[SourceVersionDate "1999.07.01"]
[SourceQuality "1"]
[WhiteTeam "Sindelfingen"]
[BlackTeam "Viernheim"]
[WhiteTeamCountry "GER"]
[BlackTeamCountry "GER"]

1. e4 c5 2. c3 Nf6 3. e5 Nd5 4. Nf3 d6 5. exd6 Qxd6 6. d4 cxd4 7. Nxd4 Nc6 8. Be2 Nxd4 9. Qxd4 e5 10. Bb5+ Bd7 11. Bxd7+ Kxd7 12. Qe4 Qc6 13. 0-0 Bd6 14. Rd1 Nf6 15. Qxe5 Rae8 16. Qf5+ Kc7 17. Bf4 Re4 18. Qa5+ Kb8 19. Bxd6+ Qxd6 20. Nd2 Re2 21. Nf3 Qe7 22. Re1 Re8 23. h3 Qd6 24. Rxe2 Rxe2 25. Qb5 Qe7 26. Kf1 Re6 27. Re1 Ne4 28. Rd1 Rb6 29. Qe2 Re6 30. Qc2 Qc5 31. Rd4 f5 32. Qb3 Re8 33. Qf7 Rc8 34. Kg1 Qb5 35. Rb4 Qc6 36. Qxf5 Nf6 37. Nd4 Qd6 38. Qf3 Qe7 39. Nc6+ Rxc6 40. Qxc6 Qxb4 41. Qxf6 Qa5 42. Qf8+ Kc7 43. Qxg7+ Kc6 44. Qh6+ 1-0

[Event "Staufer op 09th"]
[Site "Schwaebisch Gmuend"]
[Date "1997.??.??"]
[Round "2"]
[White "Huber, Armin"]
[Black "Markgraf, Daniel"]
[Result "1-0"]
[WhiteElo "2330"]
[BlackElo "1960"]
[PlyCount "79"]
[EventDate "1997.01.??"]
[EventType "swiss"]
[EventRounds "9"]
[EventCountry "GER"]
[SourceTitle "EXT 1998"]
[Source "ChessBase"]
[SourceDate "1997.11.17"]
[SourceVersion "1"]
[SourceVersionDate "1997.11.17"]
[SourceQuality "1"]

1. e4 d6 2. d4 g6 3. g3 Bg7 4. Bg2 Nc6 5. Ne2 e5 6. Be3 Nf6 7. h3 0-0 8. 0-0 Ne8 9. Nbc3 f5 10. dxe5 Nxe5 11. f4 Nc6 12. Nd4 Ne7 13. exf5 Nxf5 14. Nxf5 Bxf5 15. Bxb7 Rb8 16. Qd5+ Kh8 17. Bxa7 Bxh3 18. Bxb8 Bxf1 19. Ba7 Bh3 20. Bd4 Nf6 21. Qh1 Bf5 22. Be4 Nxe4 23. Bxg7+ Kxg7 24. Nxe4 Qe7 25. Nf2 Qe3 26. Kg2 Re8 27. Qd1 Be4+ 28. Nxe4 Qxe4+ 29. Kh3 h5 30. a4 Qe6+ 31. Kg2 Qc4 32. Qd3 Qe6 33. a5 Qg4 34. Rf1 h4 35. Rf3 hxg3 36. a6 Qh5 37. Rxg3 Rh8 38. Qc3+ Kg8 39. Qf3 Qh1+ 40. Kf2 1-0

[Event "Staufer op 09th"]
[Site "Schwaebisch Gmuend"]
[Date "1997.??.??"]
[Round "8"]
[White "Huber, Armin"]
[Black "Tauber, Manfred"]
[Result "1-0"]
[WhiteElo "2330"]
[BlackElo "2215"]
[PlyCount "101"]
[EventDate "1997.01.??"]
[EventType "swiss"]
[EventRounds "9"]
[EventCountry "GER"]
[SourceTitle "EXT 1998"]
[Source "ChessBase"]
[SourceDate "1997.11.17"]
[SourceVersion "1"]
[SourceVersionDate "1997.11.17"]
[SourceQuality "1"]

1. e4 e6 2. d4 d5 3. Nd2 a6 4. c3 c5 5. exd5 exd5 6. Ngf3 Bd6 7. dxc5 Bxc5 8. Nb3 Ba7 9. Bd3 Bg4 10. 0-0 Ne7 11. Re1 Nbc6 12. Be3 Bxe3 13. Rxe3 Qd6 14. Qe2 0-0-0 15. Re1 Nf5 16. Bxf5+ Bxf5 17. Nfd4 Bd7 18. Nxc6 Qxc6 19. Nd4 Qd6 20. Qf3 f6 21. h3 Rde8 22. Rxe8+ Rxe8 23. Rxe8+ Bxe8 24. Qf5+ Kb8 25. Qxh7 Qe7 26. Kf1 Ka7 27. Qd3 Ka8 28. Qe2 Qd8 29. Kg1 Bg6 30. Qg4 Qe8 31. Qe6 Qd8 32. a4 Bd3 33. b4 Qc7 34. Qe8+ Qb8 35. Qxb8+ Kxb8 36. a5 Kc8 37. Ne6 g5 38. f4 Bf5 39. Nd4 Bd7 40. Kf2 Kc7 41. fxg5 fxg5 42. g4 Kd6 43. Nf3 d4 44. cxd4 Kd5 45. Ke3 Kc4 46. Ne5+ Kxb4 47. Nxd7 Kxa5 48. Nc5 b5 49. Kd3 Kb6 50. Ne6 a5 51. Kc3 1-0

[Event "Staufer op 09th"]
[Site "Schwaebisch Gmuend"]
[Date "1997.??.??"]
[Round "1"]
[White "Kowalski, Michal"]
[Black "Huber, Armin"]
[Result "0-1"]
[WhiteElo "1765"]
[BlackElo "2330"]
[PlyCount "114"]
[EventDate "1997.01.??"]
[EventType "swiss"]
[EventRounds "9"]
[EventCountry "GER"]
[SourceTitle "EXT 1998"]
[Source "ChessBase"]
[SourceDate "1997.11.17"]
[SourceVersion "1"]
[SourceVersionDate "1997.11.17"]
[SourceQuality "1"]

1. d4 d5 2. Nf3 Nf6 3. Bf4 c6 4. c3 Bf5 5. e3 Qb6 6. Qb3 Nbd7 7. Nbd2 Nh5 8. Bg3 h6 9. Be2 Nxg3 10. hxg3 e6 11. Nh4 Bh7 12. Nhf3 Bd6 13. g4 Be7 14. Bd1 0-0-0 15. Be2 Kb8 16. Qxb6 Nxb6 17. a4 Bf6 18. a5 Nd7 19. b4 e5 20. Nb3 Be4 21. Nc5 Bxf3 22. gxf3 Rhe8 23. Nxd7+ Rxd7 24. Kd2 exd4 25. cxd4 Rdd8 26. Rab1 a6 27. f4 Rh8 28. Rh3 Rhe8 29. Bd3 Rc8 30. Rhh1 Kc7 31. Rh5 Be7 32. Kc3 Bf8 33. Re5 Rcd8 34. Rxe8 Rxe8 35. Kb3 Be7 36. Rh1 Rh8 37. Be2 Rb8 38. Rb1 b6 39. Ka4 Kb7 40. Rb3 Ka7 41. axb6+ Rxb6 42. f3 g6 43. f5 gxf5 44. gxf5 h5 45. e4 h4 46. e5 h3 47. f4 h2 48. Bf3 f6 49. e6 Kb7 50. Rb1 Kc7 51. Rb2 Rb5 52. Rb3 Bd6 53. Bh1 Be7 54. Rh3 Rxb4+ 55. Ka5 Rb1 56. Ka4 Rxh1 57. Rh7 Kd6 0-1